[Event "Hessenliga 1516"]
[Site "Germany"]
[Date "2015.09.27"]
[Round "1.8"]
[White "Mueller, Ullrich"]
[Black "Mueller, Horst"]
[Result "0-1"]
[WhiteElo "2011"]
[BlackElo "2165"]
[PlyCount "88"]
[EventDate "2015.09.27"]
[EventType "team-tourn"]
[EventRounds "9"]
[EventCountry "GER"]
[SourceTitle "EXT 2018"]
[Source "ChessBase"]
[SourceDate "2017.10.13"]
[SourceVersion "1"]
[SourceVersionDate "2017.10.13"]
[SourceQuality "1"]
[WhiteTeam "Gelnhausen"]
[BlackTeam "Offenbach"]
[WhiteTeamCountry "GER"]
[BlackTeamCountry "GER"]

1. d4 Nf6 2. c4 e6 3. Nc3 Bb4 4. f3 d5 5. Bg5 h6 6. Bh4 0-0 7. e3 c5 8. a3 Ba5 9. cxd5 exd5 10. Bd3 Nc6 11. Nge2 Qe7 12. Bxf6 Qxf6 13. 0-0 cxd4 14. exd4 Be6 15. Bc2 Bb6 16. Qd3 Bxd4+ 17. Kh1 Rfd8 18. Nxd4 Nxd4 19. Qh7+ Kf8 20. Bd3 g5 21. Rad1 Qg7 22. Rfe1 Qxh7 23. Bxh7 Nc6 24. Nb5 Rac8 25. Nd4 Nxd4 26. Rxd4 Rc4 27. Red1 Rxd4 28. Rxd4 Rc8 29. g4 Kg7 30. Bd3 Rc1+ 31. Kg2 Rd1 32. Kg3 Kf6 33. f4 gxf4+ 34. Kxf4 Rd2 35. h4 Rf2+ 36. Ke3 Rxb2 37. Kf4 Rg2 38. Kf3 Ra2 39. a4 Ke5 40. Rb4 b6 41. Ke3 Rh2 42. h5 d4+ 43. Kf3 Rh3+ 44. Ke2 Bxg4+ 0-1

[Event "Hessenliga 1415"]
[Site "Hessen"]
[Date "2015.03.22"]
[Round "8.8"]
[White "Mueller, Ullrich"]
[Black "Willems, Matthias"]
[Result "0-1"]
[WhiteElo "2011"]
[BlackElo "2042"]
[PlyCount "70"]
[EventDate "2014.09.28"]
[EventType "team-tourn"]
[EventRounds "9"]
[EventCountry "GER"]
[SourceTitle "EXT 2016"]
[Source "ChessBase"]
[SourceDate "2015.10.08"]
[SourceVersion "1"]
[SourceVersionDate "2015.10.08"]
[SourceQuality "1"]
[WhiteTeam "Gelnhausen"]
[BlackTeam "Bad Nauheim"]
[WhiteTeamCountry "GER"]
[BlackTeamCountry "GER"]

1. d4 d5 2. c4 c6 3. Nf3 Nf6 4. e3 Bf5 5. Nc3 e6 6. Be2 Be7 7. Ne5 Nbd7 8. g4 Be4 9. f3 Nxe5 10. dxe5 Nxg4 11. Nxe4 Bb4+ 12. Kf1 Nxe5 13. cxd5 cxd5 14. Qa4+ Nc6 15. Bd2 Bxd2 16. Nxd2 0-0 17. Nb3 Qf6 18. Kf2 Qxb2 19. Rab1 Qf6 20. Nc5 d4 21. h4 dxe3+ 22. Kxe3 Qe5+ 23. Ne4 Ne7 24. Kf2 b6 25. Ng3 Qc5+ 26. Kg2 Nd5 27. Qe4 Nc3 28. Qg4 Nxb1 29. Nh5 g6 30. Nf6+ Kg7 31. Nxh7 Qe3 32. f4 Rh8 33. Ng5 Nc3 34. Bf3 Rad8 35. h5 Rd2+ 0-1

[Event "Hessenliga 1415"]
[Site "Hessen"]
[Date "2014.12.14"]
[Round "4.8"]
[White "Kierzek, Mira"]
[Black "Mueller, Ullrich"]
[Result "1-0"]
[WhiteElo "2024"]
[BlackElo "2011"]
[PlyCount "139"]
[EventDate "2014.09.28"]
[EventType "team-tourn"]
[EventRounds "9"]
[EventCountry "GER"]
[SourceTitle "EXT 2016"]
[Source "ChessBase"]
[SourceDate "2015.10.08"]
[SourceVersion "1"]
[SourceVersionDate "2015.10.08"]
[SourceQuality "1"]
[WhiteTeam "Fulda"]
[BlackTeam "Gelnhausen"]
[WhiteTeamCountry "GER"]
[BlackTeamCountry "GER"]

1. d4 Nf6 2. c4 e6 3. Nc3 c5 4. d5 exd5 5. cxd5 d6 6. Bf4 a6 7. a4 g6 8. Nf3 Bg7 9. e3 0-0 10. h3 Ne8 11. Be2 Nd7 12. 0-0 f5 13. a5 Rb8 14. Ng5 Ne5 15. Qd2 Qe7 16. Ra3 b5 17. axb6 Rxb6 18. Ne6 Bxe6 19. dxe6 Qxe6 20. Rxa6 Rxa6 21. Bxa6 Nc7 22. Be2 d5 23. Rd1 d4 24. Na4 Qc6 25. Qc2 Ne6 26. Bxe5 Bxe5 27. b4 dxe3 28. fxe3 Rc8 29. Rc1 Rc7 30. Nxc5 Nxc5 31. Qxc5 Qxc5 32. bxc5 f4 33. Kf2 g5 34. Rc2 Kg7 35. c6 Kf6 36. exf4 Bxf4 37. Bf3 Ke7 38. Bg4 Kd6 39. Bd7 Kd5 40. Kf3 h5 41. h4 Ke5 42. Re2+ Kd5 43. g3 Bc1 44. hxg5 Bxg5 45. Rh2 Be7 46. Rxh5+ Kd6 47. Rh6+ Kc5 48. g4 Ra7 49. g5 Kb6 50. g6 Ra5 51. Rh7 Bd6 52. Kg4 Ra1 53. Kf5 Rf1+ 54. Ke6 Bc7 55. Rh3 Re1+ 56. Kf7 Rf1+ 57. Kg8 Rg1 58. Rb3+ Kc5 59. Kh7 Be5 60. Re3 Rh1+ 61. Kg8 Bd6 62. Rf3 Kb6 63. Kf7 Be5 64. Rf5 Bb2 65. g7 Rh7 66. Rg5 Kc7 67. Kf8 Ba3+ 68. Kg8 Rh1 69. Kf7 Rh7 70. Kg6 1-0